| 000 | 00649nam a22001937a 4500 | ||
|---|---|---|---|
| 008 | 131216t ||||| |||| 00| 0 eng d | ||
| 020 | _a9027223645 | ||
| 050 | 0 | 4 |
_aP37.5 .S65 _bE93 2003 |
| 100 | 1 | _aEvans, Vyvyan | |
| 245 | 1 | 4 |
_aThe structure of time : _blanguage, meaning and temporal cognition / _cVyvyan Evans |
| 250 | _a1a ed. | ||
| 260 |
_aAmsterdan ; Philadelphia : _bJohn Benjamin, _c2005 |
||
| 300 |
_ax, 286 p. : _bil. ; _c24 cm. |
||
| 440 | 0 |
_aHuman cognitive processing ; _v12 |
|
| 504 | _aIncluye referencias bibliograficas (p.267-276) e índice | ||
| 650 | 4 |
_aSemantica _xConocimenmto |
|
| 650 | 4 | _aLenguaje | |
| 942 |
_2lcc _cLIB |
||
| 999 |
_c47110 _d47110 |
||